[Event "HUN-chT2 Szechenyi 1617"]
[Site "Hungary"]
[Date "2016.09.25"]
[Round "1.9"]
[White "Horvath, Tibor"]
[Black "Domonkos, Norbert"]
[Result "1-0"]
[WhiteElo "1740"]
[BlackElo "1775"]
[PlyCount "141"]
[EventDate "2016.09.25"]
[EventType "team-tourn"]
[EventRounds "11"]
[EventCountry "HUN"]
[SourceTitle "EXT 2021"]
[Source "ChessBase"]
[SourceDate "2020.10.23"]
[SourceVersion "1"]
[SourceVersionDate "2020.10.23"]
[SourceQuality "1"]
[WhiteTeam "Lovo"]
[BlackTeam "Veszprem Ezust Huszar"]
[WhiteTeamCountry "HUN"]
[BlackTeamCountry "HUN"]

1. d4 d5 2. e4 dxe4 3. Nc3 e6 4. Nxe4 Nf6 5. Nxf6+ Qxf6 6. Nf3 h6 7. Bd3 Bd6 8. Qe2 Nc6 9. c3 0-0 10. 0-0 Re8 11. Re1 Bd7 12. Ne5 Rad8 13. Qe4 Bxe5 14. dxe5 Qg6 15. Qf3 f5 16. exf6 Qxf6 17. Qxf6 gxf6 18. Bxh6 Ne5 19. Rxe5 fxe5 20. Bg6 Bc6 21. Bxe8 Rxe8 22. Bg5 b5 23. Re1 e4 24. Re3 Bd5 25. a3 c5 26. h4 Kf7 27. Kh2 Kg6 28. Kh3 Rf8 29. Kg3 a6 30. Be7 Rc8 31. f3 Kf5 32. fxe4+ Bxe4 33. Kf2 Rg8 34. Bg5 Rf8 35. Kg3 c4 36. Kh3 Bd5 37. g4+ Kg6 38. Re2 Rf1 39. Kg3 Rf3+ 40. Kh2 Rf1 41. Bd8 Rf4 42. h5+ Kh7 43. Kg3 Rf1 44. Rf2 Rg1+ 45. Kf4 Kh6 46. Be7 Re1 47. Bf8+ Kh7 48. Kg5 Re5+ 49. Kf6 Re4 50. g5 Kg8 51. Bh6 Rh4 52. g6 Rxh5 53. Bg5 Rh3 54. Rf4 Rh1 55. Rh4 Rxh4 56. Bxh4 Kf8 57. Bg3 Kg8 58. Be5 Be4 59. g7 Bf5 60. Ke7 Bg4 61. Kd6 Bh5 62. Kxe6 a5 63. a4 Be8 64. axb5 Bxb5 65. Kd5 Ba6 66. Kc5 a4 67. Kb4 Kf7 68. Kxa4 Bc8 69. b3 cxb3 70. Kxb3 Be6+ 71. c4 1-0

[Event "HUN-chT2 Szechenyi 1516"]
[Site "Hungary"]
[Date "2015.11.08"]
[Round "4.8"]
[White "Besenyi, Tibor"]
[Black "Domonkos, Norbert"]
[Result "1-0"]
[WhiteElo "1951"]
[BlackElo "1792"]
[PlyCount "95"]
[EventDate "2015.09.13"]
[EventType "team-tourn"]
[EventRounds "11"]
[EventCountry "HUN"]
[SourceTitle "CBM 170 Extra"]
[Source "ChessBase"]
[SourceDate "2016.02.25"]
[SourceVersion "1"]
[SourceVersionDate "2016.02.25"]
[SourceQuality "1"]
[WhiteTeam "Lovo"]
[BlackTeam "Ezust Huszar"]
[WhiteTeamCountry "HUN"]
[BlackTeamCountry "HUN"]

1. e4 c5 2. Nf3 Nc6 3. d4 cxd4 4. Nxd4 e5 5. Nb5 d6 6. N1c3 a6 7. Na3 b5 8. Nd5 Nf6 9. Bg5 Be7 10. Nxe7 Qxe7 11. c3 h6 12. Bxf6 Qxf6 13. Nc2 Bb7 14. Ne3 Ne7 15. f3 0-0 16. h4 Rad8 17. Ng4 Qg6 18. Qd2 h5 19. Nf2 d5 20. Qg5 Qxg5 21. hxg5 g6 22. g4 dxe4 23. fxe4 Kg7 24. gxh5 gxh5 25. Rxh5 Rh8 26. Rxh8 Kxh8 27. a4 bxa4 28. Rxa4 Rd6 29. Rb4 Bc8 30. Nd3 Nc6 31. Rb6 Rg6 32. Nc5 a5 33. Bb5 Na7 34. Rxg6 fxg6 35. Ba4 Bg4 36. Kd2 Nc8 37. Bd7 Bxd7 38. Nxd7 Nd6 39. Kd3 Nf7 40. Kc4 Nxg5 41. Kd5 Nf3 42. Nxe5 Nxe5 43. Kxe5 Kg7 44. c4 Kf7 45. b3 Ke7 46. c5 Kd7 47. Kf6 Kc6 48. e5 1-0

[Event "HUN-chT2 Szechenyi 1516"]
[Site "Hungary"]
[Date "2015.10.04"]
[Round "2.7"]
[White "Domonkos, Norbert"]
[Black "Vajda, Attila"]
[Result "1-0"]
[WhiteElo "1792"]
[BlackElo "1983"]
[PlyCount "73"]
[EventDate "2015.09.13"]
[EventType "team-tourn"]
[EventRounds "11"]
[EventCountry "HUN"]
[SourceTitle "CBM 170 Extra"]
[Source "ChessBase"]
[SourceDate "2016.02.25"]
[SourceVersion "1"]
[SourceVersionDate "2016.02.25"]
[SourceQuality "1"]
[WhiteTeam "Ezust Huszar"]
[BlackTeam "Tapolca Kolcsey"]
[WhiteTeamCountry "HUN"]
[BlackTeamCountry "HUN"]

1. d4 d5 2. c4 c6 3. Nc3 Nf6 4. Bg5 Nbd7 5. Nf3 g6 6. e3 Bg7 7. Qb3 Qa5 8. cxd5 cxd5 9. Bd3 0-0 10. 0-0 Qb6 11. Nxd5 Nxd5 12. Qxd5 e6 13. Qb5 e5 14. Be7 Re8 15. Bc5 Qc6 16. Qxc6 bxc6 17. Bc4 h6 18. Rac1 Nxc5 19. dxc5 Bg4 20. b4 Reb8 21. Rb1 a5 22. b5 Bf5 23. Rb3 a4 24. Rb4 Ra5 25. b6 Rxc5 26. Rxa4 Rxb6 27. Bb3 Rcb5 28. Rc1 c5 29. Ra8+ Rb8 30. Rxb8+ Rxb8 31. Rxc5 Be6 32. Rc3 Bd5 33. h3 Bxf3 34. gxf3 e4 35. Rc7 exf3 36. Rxf7 Rxb3 37. Rxg7+ 1-0

[Event "HUN-chT2 Szechenyi 1516"]
[Site "Hungary"]
[Date "2015.09.13"]
[Round "1.9"]
[White "Szabo Thomka, Daniel"]
[Black "Domonkos, Norbert"]
[Result "0-1"]
[WhiteElo "1786"]
[BlackElo "1792"]
[PlyCount "78"]
[EventDate "2015.09.13"]
[EventType "team-tourn"]
[EventRounds "11"]
[EventCountry "HUN"]
[SourceTitle "CBM 170 Extra"]
[Source "ChessBase"]
[SourceDate "2016.02.25"]
[SourceVersion "1"]
[SourceVersionDate "2016.02.25"]
[SourceQuality "1"]
[WhiteTeam "Szechenyi ESE"]
[BlackTeam "Ezust Huszar"]
[WhiteTeamCountry "HUN"]
[BlackTeamCountry "HUN"]

1. e4 c5 2. Nf3 Nc6 3. d4 cxd4 4. Nxd4 e5 5. Nb3 Nf6 6. Bg5 Be7 7. Bxf6 Bxf6 8. Nc3 0-0 9. Bc4 d6 10. 0-0 a6 11. Bd5 Nd4 12. Qd3 Rb8 13. Rfd1 Bg4 14. f3 Qb6 15. Kh1 Be6 16. Rab1 Qc7 17. a4 g6 18. Nxd4 exd4 19. Ne2 Bxd5 20. exd5 Qa5 21. Qa3 Qxd5 22. c3 Qc5 23. b4 Qc4 24. Nxd4 Rbc8 25. Rbc1 Rfe8 26. b5 d5 27. Kg1 Re3 28. Qd6 Be5 29. Qd7 Rxc3 30. Rxc3 Bxd4+ 31. Kh1 Qxc3 32. Qxd5 Qe3 33. h3 Rc1 34. Qd8+ Kg7 35. Rxc1 Qxc1+ 36. Kh2 Qg1+ 37. Kg3 Be5+ 38. Kh4 Bf6+ 39. Qxf6+ Kxf6 0-1

[Event "HUN-chT2 Szechenyi 1314"]
[Site "Hungary"]
[Date "2014.04.27"]
[Round "11.7"]
[White "Domonkos, Norbert"]
[Black "Kovacs, Dezso"]
[Result "0-1"]
[WhiteElo "1778"]
[BlackElo "1924"]
[PlyCount "132"]
[EventDate "2013.09.08"]
[EventType "team-tourn"]
[EventRounds "11"]
[EventCountry "HUN"]
[SourceTitle "EXT 2016"]
[Source "ChessBase"]
[SourceDate "2015.10.08"]
[SourceVersion "1"]
[SourceVersionDate "2015.10.08"]
[SourceQuality "1"]
[WhiteTeam "Veszprem"]
[BlackTeam "Lovo"]
[WhiteTeamCountry "HUN"]
[BlackTeamCountry "HUN"]

1. d4 d5 2. c4 c6 3. Nc3 Nf6 4. Bg5 e6 5. e3 Nbd7 6. Nf3 Qa5 7. Qd2 Bb4 8. a3 Ne4 9. Qc1 Bxc3+ 10. bxc3 dxc4 11. Bf4 Qxc3+ 12. Qxc3 Nxc3 13. Bxc4 0-0 14. 0-0 Nd5 15. Bg3 N5f6 16. Bd3 Re8 17. Nd2 e5 18. Nc4 e4 19. Bc2 Nb6 20. Nd6 Re7 21. Bh4 Re6 22. Bxf6 Rxd6 23. Be5 Re6 24. Bxe4 f6 25. Bf5 fxe5 26. Bxe6+ Bxe6 27. dxe5 Nc4 28. f4 Nxe3 29. Rf2 g6 30. Rb1 b6 31. h3 h5 32. Rf3 Nd5 33. Kh2 Rf8 34. Kg3 Kg7 35. Rbf1 Ne7 36. Kh4 Bc4 37. R1f2 Bd5 38. Rc3 Nf5+ 39. Kg5 Nd4 40. Kh4 Ne6 41. Kg3 b5 42. Rc1 a5 43. Rb1 Nd4 44. Kh4 Ne6 45. Rbf1 Bc4 46. Rd1 Bd5 47. Rdf1 Bc4 48. Rd1 Nxf4 49. Rd7+ Kh6 50. Rfd2 Bd5 51. g4 g5+ 52. Kg3 h4+ 53. Kh2 Re8 54. Ra7 a4 55. Ra6 Rxe5 56. Rb2 Kg7 57. Ra7+ Kf6 58. Ra6 Ke7 59. Ra7+ Kd6 60. Ra6 Kc5 61. Rc2+ Kd4 62. Rd2+ Ke3 63. Rc2 Kd3 64. Rc1 Re2+ 65. Kg1 Nxh3+ 66. Kf1 Bg2# 0-1

[Event "HUN-chT2 Szechenyi 1314"]
[Site "Hungary"]
[Date "2014.02.16"]
[Round "7.9"]
[White "Domonkos, Norbert"]
[Black "Szittar, Antal"]
[Result "1/2-1/2"]
[WhiteElo "1778"]
[BlackElo "1940"]
[PlyCount "111"]
[EventDate "2013.09.08"]
[EventType "team-tourn"]
[EventRounds "11"]
[EventCountry "HUN"]
[SourceTitle "EXT 2016"]
[Source "ChessBase"]
[SourceDate "2015.10.08"]
[SourceVersion "1"]
[SourceVersionDate "2015.10.08"]
[SourceQuality "1"]
[WhiteTeam "Veszprem"]
[BlackTeam "Keszthely Spartacus"]
[WhiteTeamCountry "HUN"]
[BlackTeamCountry "HUN"]

1. d4 Nf6 2. c4 g6 3. Nf3 Bg7 4. Nc3 0-0 5. Bg5 d6 6. e4 c6 7. Be2 Nbd7 8. 0-0 e5 9. d5 h6 10. Be3 Qe7 11. Qd2 Ng4 12. a3 Nxe3 13. Qxe3 Nf6 14. Nd2 Bd7 15. b4 b6 16. dxc6 Bxc6 17. Rfc1 Rfc8 18. Nd5 Nxd5 19. cxd5 Bb7 20. Bb5 Bf6 21. Bc6 Bg5 22. Qd3 Rc7 23. Rc3 Rac8 24. b5 Rf8 25. a4 Bc8 26. a5 bxa5 27. Rxa5 f5 28. Nc4 fxe4 29. Qxe4 Bf5 30. Qe1 Bf4 31. g3 Bg5 32. Rca3 Bh3 33. b6 axb6 34. Nxb6 Kg7 35. Na8 Rxa8 36. Rxa8 Bd7 37. Qc3 Bf6 38. Qb3 h5 39. Qb8 Rc8 40. Qb7 Rxa8 41. Rxa8 Bf5 42. Qb8 Kh6 43. Ra7 Qd8 44. Qxd8 Bxd8 45. Bd7 Be4 46. Ra6 Bxd5 47. Rxd6 Be4 48. Re6 Bc7 49. f4 Bd5 50. Rf6 Kg7 51. Ra6 exf4 52. Be8 fxg3 53. hxg3 Kf8 54. Bxg6 Bxg3 55. Bxh5 Ke7 56. Ra7+ 1/2-1/2

[Event "HUN-chT2 Szechenyi 1314"]
[Site "Hungary"]
[Date "2013.10.20"]
[Round "3.11"]
[White "Halaszi, Csaba Peter"]
[Black "Domonkos, Norbert"]
[Result "0-1"]
[WhiteElo "1594"]
[BlackElo "1778"]
[PlyCount "78"]
[EventDate "2013.09.08"]
[EventType "team-tourn"]
[EventRounds "11"]
[EventCountry "HUN"]
[SourceTitle "EXT 2016"]
[Source "ChessBase"]
[SourceDate "2015.10.08"]
[SourceVersion "1"]
[SourceVersionDate "2015.10.08"]
[SourceQuality "1"]
[WhiteTeam "Ajka Banyasz"]
[BlackTeam "Veszprem"]
[WhiteTeamCountry "HUN"]
[BlackTeamCountry "HUN"]

1. e4 c5 2. Nc3 Nc6 3. d3 Nf6 4. g3 e5 5. Bg2 Be7 6. Be3 0-0 7. Nge2 a6 8. 0-0 Ng4 9. Bd2 d6 10. h3 Nf6 11. f4 exf4 12. Nxf4 Be6 13. Nfd5 Bxd5 14. Nxd5 Nxd5 15. exd5 Ne5 16. Bc3 Bf6 17. Be4 g6 18. Qd2 Bg7 19. Bxe5 Bxe5 20. Qg2 f5 21. Bf3 Bxb2 22. Rab1 Bd4+ 23. Kh1 b5 24. Rbe1 Be5 25. Re2 Qg5 26. Rxe5 dxe5 27. h4 Qd8 28. d6 Ra7 29. Bd5+ Kg7 30. d4 cxd4 31. d7 Qxd7 32. Bc6 Qd6 33. Bd5 e4 34. c4 d3 35. Qf2 Qf6 36. Qe3 f4 37. Qxe4 fxg3 38. Qxd3 Qxh4+ 39. Kg2 Qh2# 0-1

[Event "HUN-chT U18"]
[Site "Budapest"]
[Date "2012.10.28"]
[Round "1.2"]
[White "Szabo, Bence"]
[Black "Domonkos, Norbert"]
[Result "1-0"]
[WhiteElo "2380"]
[BlackElo "1758"]
[PlyCount "53"]
[EventDate "2012.10.28"]
[EventType "team-swiss"]
[EventRounds "8"]
[EventCountry "HUN"]
[SourceTitle "EXT 2020"]
[Source "ChessBase"]
[SourceDate "2019.10.17"]
[SourceVersion "1"]
[SourceVersionDate "2019.10.17"]
[SourceQuality "1"]

1. d4 d5 2. c4 e6 3. Nc3 Nf6 4. cxd5 exd5 5. Bg5 Be7 6. Qc2 0-0 7. e3 h6 8. Bh4 Nc6 9. a3 Re8 10. Bd3 Be6 11. Nge2 a6 12. 0-0 b5 13. Nxb5 Bd7 14. Nbc3 Bc8 15. Rac1 Bb7 16. Na4 Nd7 17. Bg3 Rc8 18. Nf4 Nb6 19. Nc5 Bxc5 20. Qxc5 Ne7 21. Rfd1 c6 22. Qc2 Nd7 23. Qe2 a5 24. Nh5 Kh8 25. Qg4 Rg8 26. Bf4 g5 27. Qxd7 1-0

[Event "HUN-chT U18"]
[Site "Miskolc"]
[Date "2011.11.05"]
[Round "7.2"]
[White "Domonkos, Norbert"]
[Black "Csomor, Viktor"]
[Result "0-1"]
[WhiteElo "1747"]
[BlackElo "2096"]
[PlyCount "90"]
[EventDate "2011.11.02"]
[EventType "team-swiss"]
[EventRounds "8"]
[EventCountry "HUN"]
[SourceTitle "EXT 2012"]
[Source "ChessBase"]
[SourceDate "2011.11.24"]
[SourceVersion "1"]
[SourceVersionDate "2011.11.24"]
[SourceQuality "1"]
[WhiteTeam "Veszprem"]
[BlackTeam "Csepel"]
[WhiteTeamCountry "HUN"]
[BlackTeamCountry "HUN"]

1. d4 d5 2. c4 e6 3. Nf3 c6 4. Nc3 dxc4 5. e3 b5 6. a4 Bb4 7. Bd2 a5 8. Be2 Bb7 9. Na2 Bxd2+ 10. Qxd2 Nd7 11. Nc3 Qb6 12. Ne4 Qc7 13. 0-0 Ngf6 14. Nc3 Qb6 15. Rfb1 0-0 16. e4 c5 17. e5 Ne4 18. Qe3 Nxc3 19. bxc3 Bxf3 20. Bxf3 cxd4 21. Qxd4 Qxd4 22. cxd4 b4 23. Bxa8 Rxa8 24. Rc1 Nb6 25. Kf1 Rd8 26. Rd1 Kf8 27. Ke2 Ke7 28. Ke3 Nd5+ 29. Kf3 Rb8 30. Rdc1 Nb6 31. Ke3 Rd8 32. h3 Kd7 33. Rd1 Kc6 34. Rdc1 Kd5 35. Rd1 c3 36. Kd3 Nc4 37. Kc2 Nb2 38. Rdb1 Nc4 39. Rd1 Rc8 40. Rd3 Nb2 41. Rf3 Kc4 42. Kc1 Nd3+ 43. Kd1 b3 44. Rxf7 c2+ 45. Kd2 b2 0-1

[Event "HUN-chT U18"]
[Site "Miskolc"]
[Date "2011.11.05"]
[Round "6.2"]
[White "Simonyi, Gergo"]
[Black "Domonkos, Norbert"]
[Result "1/2-1/2"]
[WhiteElo "1775"]
[BlackElo "1747"]
[PlyCount "45"]
[EventDate "2011.11.02"]
[EventType "team-swiss"]
[EventRounds "8"]
[EventCountry "HUN"]
[SourceTitle "EXT 2012"]
[Source "ChessBase"]
[SourceDate "2011.11.24"]
[SourceVersion "1"]
[SourceVersionDate "2011.11.24"]
[SourceQuality "1"]
[WhiteTeam "Sarkany II"]
[BlackTeam "Veszprem"]
[WhiteTeamCountry "HUN"]
[BlackTeamCountry "HUN"]

1. e4 c5 2. Nf3 Nc6 3. d4 cxd4 4. Nxd4 e5 5. Nb5 d6 6. N1c3 a6 7. Na3 b5 8. Nd5 Nf6 9. Bg5 Be7 10. Bxf6 Bxf6 11. Be2 0-0 12. Bg4 Bb7 13. c3 Bg5 14. Nc2 Ne7 15. Ncb4 Nxd5 16. Nxd5 Bxd5 17. Qxd5 Qb6 18. Rd1 Rfd8 19. 0-0 Ra7 20. Rd3 Qb7 21. Rfd1 Qxd5 22. Rxd5 Be7 23. Kf1 1/2-1/2

[Event "HUN-chT2 Szechenyi 1011"]
[Site "Hungary"]
[Date "2011.04.17"]
[Round "9.12"]
[White "Domonkos, Norbert"]
[Black "Huszar, Nora"]
[Result "1/2-1/2"]
[WhiteElo "1768"]
[BlackElo "1754"]
[PlyCount "62"]
[EventDate "2010.09.12"]
[EventType "team-tourn"]
[EventRounds "11"]
[EventCountry "HUN"]
[SourceTitle "EXT 2012"]
[Source "ChessBase"]
[SourceDate "2011.11.24"]
[SourceVersion "1"]
[SourceVersionDate "2011.11.24"]
[SourceQuality "1"]
[WhiteTeam "Veszprem"]
[BlackTeam "Spartacus"]
[WhiteTeamCountry "HUN"]
[BlackTeamCountry "HUN"]

1. d4 d5 2. c4 c6 3. Nc3 Bf5 4. Nf3 Nf6 5. Bg5 e6 6. e3 Be7 7. Qb3 b6 8. Be2 h6 9. Bh4 0-0 10. 0-0 Ne4 11. Bxe7 Qxe7 12. Rac1 dxc4 13. Bxc4 Nd7 14. Be2 Rfd8 15. Rfd1 Kh8 16. Nd2 Nxc3 17. Rxc3 c5 18. Nf3 Be4 19. Qa3 Qf6 20. b4 cxb4 21. Qxb4 Qg6 22. Rdc1 Nf6 23. Qa3 Nd5 24. Rc4 b5 25. Rc5 b4 26. Qb2 a5 27. Qd2 Nc3 28. g3 Bb1 29. Ne5 Qf6 30. Rc7 Rf8 31. Bc4 Rac8 1/2-1/2

[Event "HUN-chT2 Asztalos 0910"]
[Site "Hungary"]
[Date "2010.05.02"]
[Round "11"]
[White "Papp, Peter"]
[Black "Domonkos, Norbert"]
[Result "1/2-1/2"]
[WhiteElo "1548"]
[BlackElo "1771"]
[PlyCount "117"]
[EventDate "2009.11.08"]
[EventType "team-tourn"]
[EventRounds "11"]
[EventCountry "HUN"]
[SourceTitle "EXT 2011"]
[Source "ChessBase"]
[SourceDate "2010.11.26"]
[SourceVersion "1"]
[SourceVersionDate "2010.11.26"]
[SourceQuality "1"]
[WhiteTeam "Dombovar"]
[BlackTeam "Veszprem"]
[WhiteTeamCountry "HUN"]
[BlackTeamCountry "HUN"]

1. Nf3 d5 2. g3 Nf6 3. Bg2 c5 4. d4 Bf5 5. 0-0 e6 6. c4 Qb6 7. Nc3 dxc4 8. Qa4+ Nc6 9. Ne5 Rc8 10. e4 cxd4 11. Nxc4 Qb4 12. exf5 dxc3 13. Qxb4 Nxb4 14. bxc3 Nc2 15. Rb1 Rxc4 16. Rxb7 Bd6 17. Rd1 Bc7 18. Rd2 Rxc3 19. Bb2 Rc5 20. fxe6 fxe6 21. Re2 0-0 22. Rxe6 Rf7 23. Bxf6 gxf6 24. Rxa7 Nd4 25. Re4 Rc1+ 26. Bf1 Nf3+ 27. Kg2 Nd2 28. Re8+ Kg7 29. Bb5 Rc2 30. Re2 Rb2 31. Be8 Rf8 32. Rxc7+ Kh6 33. Rf7 Rxf7 34. Bxf7 Rb7 35. Rxd2 Rxf7 36. a4 Ra7 37. Ra2 Ra5 38. f4 Kg6 39. Kf3 Kf5 40. g4+ Ke6 41. Ke4 h6 42. h4 Ke7 43. Kd4 Kd6 44. f5 Kd7 45. Ke4 Ke7 46. Kf4 Kf7 47. g5 fxg5+ 48. hxg5 hxg5+ 49. Kxg5 Kg7 50. Rb2 Rxa4 51. f6+ Kf8 52. Rf2 Kf7 53. Rf5 Ra1 54. Kf4 Rf1+ 55. Ke4 Rxf5 56. Kxf5 Kf8 57. Kg6 Kg8 58. f7+ Kf8 59. Kf6 1/2-1/2

[Event "HUN-chT2 Asztalos 0910"]
[Site "Hungary"]
[Date "2010.04.18"]
[Round "10"]
[White "Domonkos, Norbert"]
[Black "Lovasz, Marcell"]
[Result "1-0"]
[WhiteElo "1771"]
[BlackElo "1528"]
[PlyCount "86"]
[EventDate "2009.11.08"]
[EventType "team-tourn"]
[EventRounds "11"]
[EventCountry "HUN"]
[SourceTitle "EXT 2011"]
[Source "ChessBase"]
[SourceDate "2010.11.26"]
[SourceVersion "1"]
[SourceVersionDate "2010.11.26"]
[SourceQuality "1"]
[WhiteTeam "Veszprem"]
[BlackTeam "Pannonpower II"]
[WhiteTeamCountry "HUN"]
[BlackTeamCountry "HUN"]

1. d4 d5 2. c4 e6 3. Nc3 Bb4 4. Bd2 Nf6 5. e3 0-0 6. Qb3 Nc6 7. a3 Bxc3 8. Bxc3 Ne4 9. Nf3 b6 10. Bd3 Nxc3 11. Qxc3 Bb7 12. 0-0 Na5 13. cxd5 exd5 14. Rac1 Rc8 15. Bf5 Rb8 16. Qxc7 Qxc7 17. Rxc7 Nc6 18. Bd7 Na5 19. Ne5 Ba6 20. Rfc1 Rb7 21. b4 Nc4 22. Rxb7 Bxb7 23. Nxc4 dxc4 24. Rxc4 g6 25. Rc7 Rb8 26. Bb5 a6 27. Bc4 Rc8 28. Bxf7+ Kf8 29. Rxc8+ Bxc8 30. Bc4 b5 31. Bd3 Ke7 32. d5 Kd6 33. Be4 Bf5 34. Bxf5 gxf5 35. Kf1 Kxd5 36. Ke2 Kc4 37. Kf3 Kb3 38. e4 fxe4+ 39. Kxe4 Kxa3 40. f4 Kxb4 41. f5 Kc5 42. Ke5 Kc6 43. Ke6 b4 1-0

[Event "HUN-chT2 Szechenyi 0809"]
[Site "Hungary"]
[Date "2009.02.16"]
[Round "7.12"]
[White "Ekker, Balint"]
[Black "Domonkos, Norbert"]
[Result "1-0"]
[WhiteElo "1451"]
[BlackElo "1771"]
[PlyCount "57"]
[EventDate "2008.10.26"]
[EventType "team-tourn"]
[EventRounds "11"]
[EventCountry "HUN"]
[SourceTitle "EXT 2010"]
[Source "ChessBase"]
[SourceDate "2010.11.25"]
[SourceVersion "1"]
[SourceVersionDate "2010.11.25"]
[SourceQuality "1"]
[WhiteTeam "Flesch"]
[BlackTeam "Veszprem"]
[WhiteTeamCountry "HUN"]
[BlackTeamCountry "HUN"]

1. e4 c5 2. Nf3 Nc6 3. d4 cxd4 4. Nxd4 Nf6 5. Nc3 e5 6. Nf3 d6 7. Bg5 Be7 8. Bc4 0-0 9. 0-0 Bg4 10. h3 Bxf3 11. Qxf3 Nd4 12. Qd3 h6 13. Bxf6 Bxf6 14. Nd5 Rc8 15. c3 Nc6 16. Nxf6+ Qxf6 17. Bb3 Rfd8 18. Qe2 Ne7 19. Rad1 Rc5 20. c4 Nc6 21. Qe3 Nd4 22. f4 Qg6 23. Rd3 f5 24. exf5 Qxf5 25. fxe5 Qxe5 26. Qxd4 Qg5 27. Qe3 Qg6 28. Rd5 Re8 29. Qf2 1-0

[Event "Veszprem Hemo op"]
[Site "Veszprem"]
[Date "2008.08.20"]
[Round "7"]
[White "Domonkos, Norbert"]
[Black "Toth, Jozsef"]
[Result "0-1"]
[WhiteElo "1784"]
[BlackElo "2117"]
[PlyCount "48"]
[EventDate "2008.08.16"]
[EventType "swiss"]
[EventRounds "7"]
[EventCountry "HUN"]
[SourceTitle "EXT 2011"]
[Source "ChessBase"]
[SourceDate "2010.11.26"]
[SourceVersion "1"]
[SourceVersionDate "2010.11.26"]
[SourceQuality "1"]

1. d4 Nf6 2. c4 e6 3. Nc3 Bb4 4. Bd2 b6 5. e3 Ba6 6. Be2 Bb7 7. Nf3 d5 8. a3 Bxc3 9. Bxc3 0-0 10. 0-0 Nbd7 11. Rc1 c5 12. b3 cxd4 13. Bxd4 Rc8 14. Rc2 Qc7 15. Bd3 dxc4 16. Rxc4 Qb8 17. Qe2 e5 18. Rxc8 Rxc8 19. Bc4 Bxf3 20. Qxf3 exd4 21. Rd1 Ne5 22. Qe2 Nxc4 23. bxc4 dxe3 24. fxe3 Re8 0-1